[Event "NRW Holiday U16"]
[Site "Wewelsburg"]
[Date "2003.09.06"]
[Round "2"]
[White "Stroessner, Lena"]
[Black "Oczko, Moritz"]
[Result "0-1"]
[WhiteElo "1197"]
[BlackElo "1410"]
[PlyCount "52"]
[EventDate "2003.09.??"]
[EventType "swiss"]
[EventRounds "7"]
[EventCountry "GER"]
[SourceTitle "EXT 2005"]
[Source "ChessBase"]
[SourceDate "2004.11.15"]
[SourceVersion "1"]
[SourceVersionDate "2004.11.15"]
[SourceQuality "1"]

1. c4 f5 2. Nc3 Nf6 3. g3 e6 4. Bg2 Be7 5. Nf3 0-0 6. 0-0 d6 7. d3 Nc6 8. a3 a5 9. e4 e5 10. Be3 Nh5 11. h3 f4 12. gxf4 Nxf4 13. Bxf4 exf4 14. Nd5 Ne5 15. Kh2 c6 16. Nc3 Rf6 17. Ne2 Qf8 18. Qd2 Bxh3 19. Rh1 Bxg2 20. Kxg2 Rg6+ 21. Kf1 Nxf3 22. Qxf4 Qxf4 23. Nxf4 Rh6 24. Nh5 Kf7 25. Ke2 Nd4+ 26. Ke1 Nc2+ 0-1